|
|
|
|
| LEADER |
00000nam0a2200000 4500 |
| 001 |
318664 |
| 005 |
20231102003112.0 |
| 035 |
|
|
|a (RuTPU)RU\TPU\book\344162
|
| 090 |
|
|
|a 318664
|
| 100 |
|
|
|a 20160429d1974 km y0rusy50 ca
|
| 101 |
0 |
|
|a rus
|
| 102 |
|
|
|a RU
|
| 105 |
|
|
|a a z 001zy
|
| 200 |
1 |
|
|a Основы переработки термопластов литьем под давлением
|f В. В. Лапшин
|
| 210 |
|
|
|a Москва
|c Химия
|d 1974
|
| 215 |
|
|
|a 272 с.
|c ил.
|
| 320 |
|
|
|a Библиография в конце глав
|
| 320 |
|
|
|a Предметный указатель: с. 268-271
|
| 606 |
1 |
|
|a Термопласты
|x Литье под давлением
|2 stltpush
|3 (RuTPU)RU\TPU\subj\59952
|9 77444
|
| 610 |
1 |
|
|a технологические свойства
|
| 610 |
1 |
|
|a пластикация
|
| 610 |
1 |
|
|a течение
|
| 610 |
1 |
|
|a формование
|
| 610 |
1 |
|
|a кристаллизация
|
| 610 |
1 |
|
|a литьевые изделия
|
| 610 |
1 |
|
|a литьевые формы
|
| 610 |
1 |
|
|a литниковые системы
|
| 610 |
1 |
|
|a формуемость
|
| 675 |
|
|
|a 678.073
|v 3
|
| 700 |
|
1 |
|a Лапшин
|b В. В.
|g Валентин Васильевич
|
| 801 |
|
1 |
|a RU
|b 63413507
|c 20160429
|
| 801 |
|
2 |
|a RU
|b 63413507
|c 20160620
|g RCR
|
| 942 |
|
|
|c BK
|